Noms des Lieux connus d'Aix-en-Provence - Statistiques

Statistiques générales
  • Ce quiz a été pris 240 fois
  • Le résultat moyen est 15 sur 73
Statistiques - réponses
Type de Lieu Autre type Réponse % Correct
Place Parking Rotonde
82%
Rue Mirabeau
72%
Lycée Monument Cézanne
63%
Centre d'intérêt Musée Granet
48%
Parc Jourdan
44%
Lycée Zola
44%
Quartier Rivière La Torse
39%
Lycée Vauvenargues
39%
Monument Hôtel de Ville
38%
Rue Parking Mignet
38%
Lycée Ecole Sacré-Coeur
37%
Quartier Jas de Bouffan
36%
Stade Carcassonne
35%
Quartier Les Milles
35%
Centre d'intérêt Rue Allées provençales
32%
Place Cardeurs
32%
Quartier Village Puyricard
32%
Quartier Village Luynes
31%
Parking Krypton
30%
Lycée Ecole La Nativité
28%
Quartier Village Célony
26%
Centre d'intérêt Gare (routière, SNCF)
26%
Rue Sextius
24%
Place Prêcheurs
23%
Parc Parking Rambot
23%
Rue Verrerie
23%
Quartier Parking Bellegarde
22%
Quartier Pont de l'Arc
22%
Rue Carnot
20%
Rue Parking Pasteur
20%
Quartier Village Le Tholonet
19%
Rue Arrêt de bus Roi René
18%
Rue Espariat
17%
Monument Sainte-Victoire
17%
Stade Stade Maurice-David
17%
Quartier Encagnane
16%
Rue Lycée Gambetta
16%
Centre d'intérêt Monument Grand Théâtre de Provence
16%
Quartier La Duranne
16%
Quartier Saint-Mitre
16%
Monument Vasarely
16%
Centre d'intérêt Monument Pavillon Noir
15%
Musée Parc Vendôme
15%
Rue Parking Méjannes
14%
Monument Palais de Justice
14%
Quartier Val St-André
13%
Rue Arrêt de bus Belges
12%
Centre d'intérêt Pasino
11%
Monument Saint-Sauveur
11%
Quartier Val de l'Arc
11%
Centre d'intérêt Facultés
10%
Rivière L'Arc
9%
Quartier Résidence Arc de Meyran
8%
Quartier Centre d'intérêt La Pioline
7%
Quartier Résidence Cuques
6%
Quartier Palette
6%
Stade Arena
5%
Quartier Résidence Les Gazelles
5%
Centre d'intérêt Montperrin
5%
Rue Arrêt de bus Brossolette
4%
Quartier Les Granettes
4%
Quartier Pont de Béraud
4%
Centre d'intérêt Sous-Préfecture
4%
Rue Tanneurs
4%
Monument Thermes
4%
Quartier Rue Le Pigonnet
3%
Centre d'intérêt Monument Mur d'Eau
3%
Rue Europe
2%
Quartier Arrêt de bus La Beauvalle
1%
Quartier Stade La Molière
1%
Rue Arrêt de bus Mouret
1%
Quartier Saint Donat
1%
Quartier L'Arbois
0%
Aucun quiz correspondant
Distribution des résultats
% des personnes avec chaque résultat
Percentile par nombre de réponses
Votre historique - résultats
Vous n’avez pas pris ce quiz